| 000 | 00421nam a2200145Ia 4500 | ||
|---|---|---|---|
| 008 | 210210b1972 xxu||||| |||| 00| 0 eng d | ||
| 082 | _a540 PETG | ||
| 100 | _aPETRUCCI (Ralph H). | ||
| 245 | _aGeneral chemistry: principles & modern applications. | ||
| 260 |
_aLondon _bThe Macmillan Co. _c1972 |
||
| 300 | _axxviii,637 | ||
| 650 | _aChemistry Principles Modern Applications | ||
| 690 | _aChemistry | ||
| 906 | _aSG00568 | ||
| 999 |
_c112078 _d112078 |
||